El parador

Na minha lista:
Detalhes bibliográficos
Autor principal: Carol, José
Formato: Livro
Idioma:Undetermined
Publicado em: Barcelona, España Anthropos Editiorial del Hombre 1979
Assuntos:
Tags: Adicionar Tag
Sem tags, seja o primeiro a adicionar uma tag!

MARC

LEADER 00000nam a2200000Ia 4500
008 170316s9999 xx 000 0 und d
040 |a cru BVZT 
090 |a 862 C-18p 
100 |a Carol, José 
245 |a El parador 
260 |a Barcelona, España 
260 |b Anthropos Editiorial del Hombre 
260 |c 1979 
300 |a 108 páginas 
650 |a LITERATURA ESPAÑOLA 
999 |c 9622  |d 9622 
942 |c 15 D  |h 862 C-18p  |2 z